书目信息 |
| 题名: |
旅游规划与开发
|
|
| 作者: | 马勇 , 李玺 编著 | |
| 分册: | ||
| 出版信息: | 北京 高等教育出版社 2002 |
|
| 页数: | 237页 | |
| 开本: | 22cm | |
| 丛书名: | ||
| 单 册: | ||
| 中图分类: | F592.1 | |
| 科图分类: | ||
| 主题词: | 旅游经济 | |
| 电子资源: | ||
| ISBN: | 7-04-010749-X | |
| 000 | 00676nam0 2200217 450 | |
| 001 | 0660277921 | |
| 005 | 20070710160101.23 | |
| 010 | @a7-04-010749-X@dCNY19.00 | |
| 100 | @a20060928d2002 km y0chiy0120 ea | |
| 101 | 0 | @achi |
| 102 | @aCN@b110000 | |
| 200 | 1 | @a旅游规划与开发@Alu you gui hua yu kai fa@f马勇,李玺编著@Fma yong,li xi bian zhu |
| 210 | @a北京@c高等教育出版社@d2002 | |
| 215 | @a237页@d22cm | |
| 300 | @a普通高等教育"十五"国家级规划教材,面向21世纪课程教材,高等学校旅游管理专业主干课程教材 | |
| 606 | 0 | @a旅游经济 |
| 690 | @aF592.1@v3 | |
| 701 | 0 | @a马勇@Ama yong@4编著 |
| 701 | 0 | @a李玺@Ali xi@4编著 |
| 801 | 0 | @aCN@bPFT@c20070710 |
| 905 | @a10447@dF592.1@e75 | |
| 旅游规划与开发/马勇,李玺编著.-北京:高等教育出版社,2002 |
| 237页;22cm |
| 普通高等教育"十五"国家级规划教材,面向21世纪课程教材,高等学校旅游管理专业主干课程教材 |
| ISBN 7-04-010749-X:CNY19.00 |
| ● |
| 相关链接 |
|
|
|
|
正题名:旅游规划与开发
索取号:F592.1/75
 
预约/预借
| 序号 | 登录号 | 条形码 | 馆藏地/架位号 | 状态 | 备注 |
| 1 | 0493384 | 204933849 | 密集书库/ [索取号:F592.1/75] | 在馆 | |
| 2 | 0493385 | 204933858 | 密集书库/ [索取号:F592.1/75] | 在馆 | |
| 3 | 0493386 | 204933867 | 密集书库/ [索取号:F592.1/75] | 在馆 | |
| 4 | 0493387 | 204933876 | 密集书库/ [索取号:F592.1/75] | 在馆 | |
| 5 | 0493388 | 204933885 | 密集书库/ [索取号:F592.1/75] | 在馆 | |
| 6 | 0501942 | 205019424 | 密集书库/ [索取号:F592.1/75] | 在馆 | |
| 7 | 0504134 | 205041346 | 密集书库/ [索取号:F592.1/75] | 在馆 | |
| 8 | 0770740 | 207707409 | 库房3/ [索取号:F592.1/75] | 在馆 | |
| 9 | 0770741 | 207707418 | 库房3/ [索取号:F592.1/75] | 在馆 | |
| 10 | 0770742 | 207707427 | 库房3/ [索取号:F592.1/75] | 在馆 |